| 000 | 00482nam a2200169Ia 4500 | ||
|---|---|---|---|
| 005 | 20250508160130.0 | ||
| 008 | 008 250505s9999 xx 000 0 eng d | ||
| 037 | _aTextual | ||
| 040 |
_aFEDL _beng _cFEDL |
||
| 041 |
_aeng _2eng |
||
| 084 |
_a745.3, SEC _qFEDL |
||
| 245 | 0 | _aSecond book of hundreds of things a girl can make | |
| 260 |
_aLondon, UK _bW Foulsham and Company Limited |
||
| 300 | _a159p. | ||
| 942 |
_cTEXL _h745.3, SEC |
||
| 999 |
_c1362034 _d1362034 |
||